Privatizacija v postekonomičeskuju eru. 2.

Analýza sociálnych a štruktúrno-investičných aspektov štátneho vlastníctva vo východnej Európe. Odlišnosti malej privatizácie ako investičného procesu od privatizácie veľkých podnikov, tvoriacich základ štátneho vlastníctva. Úloha finančných sprostredkovateľov vo veľkej privatizácii. Prístupy k priv...

Description complète

Enregistré dans:
Détails bibliographiques
Auteur principal: Derjabina, M.
Format: Chapitre de livre
Langue:russe
Sujets:
Tags: Ajouter un tag
Pas de tags, Soyez le premier à ajouter un tag!

MARC

LEADER 00000naa a2200000 4500
001 r010406
005 20221208122949.5
041 0 |a rus 
044 |a [SU] 
245 1 0 |a Privatizacija v postekonomičeskuju eru. 2.  |c M. Derjabina 
520 |a Analýza sociálnych a štruktúrno-investičných aspektov štátneho vlastníctva vo východnej Európe. Odlišnosti malej privatizácie ako investičného procesu od privatizácie veľkých podnikov, tvoriacich základ štátneho vlastníctva. Úloha finančných sprostredkovateľov vo veľkej privatizácii. Prístupy k privatizácii v Rusku. 
610 2 0 |a privatizácia 
610 2 0 |a investície 
610 2 0 |a vlastníctvo štátne 
610 2 0 |a východná Európa 
610 2 0 |a Rusko 
100 1 |a Derjabina, M.